Observaciones al libro de Aubrey F. G. Bell sobre Fray Luis de León. (Registro nro. 308836)

Detalles MARC
000 -ENCABEZADO
Número de control [NR] 01846nam a22002537a 4500
005 - FECHA Y HORA DE LA ÚLTIMA TRANSACCIÓN
control field 20171201142009.0
008 - DE LONGITUD FIJA DE DATOS DE ELEMENTOS - INFORMACIÓN GENERAL
Elementos de longitud fija [NR] 171201b1931 sp |||fr|||| 001 0 spa d
040 ## - FUENTE DE CATALOGACION [NR]
Quien Cataloga Sandra Yazo
Quien Clasifica Sandra Yazo
041 ## - CODIGO DE IDIOMA [R]
Código de idioma para texto/pista de sonido o título separado [R] Español
082 04 - NUMERO DE CLASIFICACION DECIMAL DEWEY [R]
Número de la edición [NR] 20
Número de clasificación [R] 922
092 ## - SIGNATURA TOPOGRAFICA LOCAL
Número de clasificación local E44N071
100 1# - ASIENTO PRINCIPAL--NOMBRE PERSONAL [NR]
Nombre personal [NR] Vélez, Pedro M
ID Autoridad 89927
245 10 - MENCION DE TITULO [NR]
Título [NR] Observaciones al libro de Aubrey F. G. Bell sobre Fray Luis de León.
Parte restante del título [NR] (Contribución a la biografía del teólogo-poeta y a la historia del Renacimiento y de la Inquisición española) ... Artículos publicados en la Revista agustiniana Religión y Cultura.
Mención de responsabilidad, etc. [NR] por el P. Pedro M. Vélez
260 ## - PUBLICACION, DISTRIBUCION, ETC. (PIE DE IMPRENTA) [R]
Lugar de publicación, distribución, etc. [R] El Escorial (España)
Nombre del editor, distribuidor, etc. [R] Imprenta del monasterio
Fecha de publicación, distribución, etc. [R] 1931
300 ## - DESCRIPCION FISICA [R]
Extensión [R] 356 páginas
Dimensiones [R] 23 x 16 cm.
500 ## - NOTA GENERAL [R]
Nota general [NR] Detalles físicos: Encuadernación holandesa en cartón duro forrado en papel jaspeado. Lomo de tela texturizada con dorados en dorado. Guardas. Anteportada. Portada impresa en una sola tinta con un grabado, emblema agustiniano. Dedicatoria. Texto impreso en una columna. Notas de pie de página. Márgenes amplios. Erratas. Índice en verso de la guarda delantera anotación de donación por el autor
505 0# - NOTA DE CONTENIDO CON FORMATO PREESTABLECIDO [R]
Nota de contenido con formato preestablecido [NR] Dedicatoria ; A guisa de Introducción ; España y el Renacimiento ; España y la Reforma ; La Universidad de Salamanca ; Infancia ; Años de estudiante ; Profesor de Salamanca ; En las celdas de la Inquisición ; Portus quietis ; Carácter e ideas ; Fr ; Luis de León poeta, prosista y pensador político: Fray Luis y Felipe II ; Cabos sueltos ; Resumen y Conclusión ; Observaciones de Mr. Bell a mi libro ; Comentarios a esas notas
506 ## - NOTA DE RESTRICCIONES DE ACCESO [R]
Condiciones de acceso [NR] Consulta en sala
600 14 - ASIENTO SECUNDARIO DE MATERIA - NOMBRE PERSONAL [R]
Nombre personal [NR] León, Luis de
Fechas asociadas con el nombre [NR] 1527-1591
Subdivisión general [R] Biografías
9 (RLIN) 89928
650 #7 - ASIENTO SECUNDARIO DE MATERIA - TERMINO TEMATICO [R]
9 (RLIN) 14785
Término temático o nombre geográfico como elemento de entrada [NR] Escritores españoles
Subdivisión general [R] Biografías
650 #7 - ASIENTO SECUNDARIO DE MATERIA - TERMINO TEMATICO [R]
9 (RLIN) 25244
Término temático o nombre geográfico como elemento de entrada [NR] Teólogos
690 ## - ASUNTO AGREGADO LOCAL DE ENTRADA - TÉRMINO TEMÁTICO (OCLC, RLIN)
Acceso temático local Biografías
9 (RLIN) 7343
942 ## - ELEMENTOS DE ENTRADA AGREGADOS (KOHA)
Sistema de clasificación LOCAL
Tipo de ítem principal el descrito en 300a Libro
Edición 1
Clasificación E44N071
Existencias
Suprimido Perdido Sistema de clasificación Dañado No prestable Tipo de ítem específico Ubicación habitual Ubicación actual Localización Fecha de creación Forma de adquisición Costo Total préstamos Signatura topográfica Código de barras Última vez visto Ejemplar Price effective from Tipo de ítem
    LOCAL     Libro archivo Archivo Histórico Archivo Histórico Archivo histórico 01/12/2017 Donación 0.00   E44N071 L006397 01/12/2017 Ej.1 01/12/2017 Libro